LDR 01211nam a2200277 4500 001 000000334248 003 CaOOAMICUS 005 20190827093946.0 008 190621s2009 it 000 u ita r 020 $a978-88-372-2306-9 040 $aSeMil$bita 100 1 $aGuardini, Romano,$d<1885-1968>.$0(OLS)http://semarc/name/3002 245 14$aUna morale per la vita /$cRomano Guardini ; a cura di Domenico Bosco. 264 1$aBrescia :$bMorcelliana,$c2009. 300 $a189 p. ;$c20 cm 490 1 $aOpere di Romano Guardini [Morcelliana] 650 4$aGuardini, Romano <1885-1968> - Etica e morale.$0(OLS)http://semarc/subject/842 700 1 $aBosco, Domenico,$d<1950- >.$0(OLS)http://semarc/name/5148 830 0$aOpere di Romano Guardini
.$0(OLS)http://semarc/title/423872 850 $aSeMil 852 $aSeMil$W1$xVenegono$y1$m2RA I 61$j215524$B226501$CSeMilBibl$Z2$F226501 $81 961 $aAntonelli don Mario - Omaggio 996 $6020$a978-88-372-2306-9$9(OLS)http://semarc/number/287667 996 $6245$aUna morale per la vita$9(OLS)http://semarc/title/423870 996 $6264$aBrescia :$bMorcelliana$9(OLS)http://semarc/publisher/29629